Dictionary of art and archaeology
There is a magnificently illustrated dictionary of art and archaeology, including entries on architecture, textiles, metalwork and sculpture
Đã lưu trong:
| Príomhúdar: | |
|---|---|
| Formáid: | Leabhar |
| Teanga: | Undetermined |
| Foilsithe: |
London
Blacken Books
1994
|
| Ábhair: | |
| Clibeanna: |
Cuir Clib Leis
Gan Chlibeanna, Bí ar an gcéad duine leis an taifead seo a chlibeáil!
|
| Thư viện lưu trữ: | Trung tâm Học liệu Trường Đại học Cần Thơ |
|---|
| LEADER | 00650nam a2200205Ia 4500 | ||
|---|---|---|---|
| 001 | CTU_32825 | ||
| 008 | 210402s9999 xx 000 0 und d | ||
| 020 | |b 236.000đ | ||
| 082 | |a 703 | ||
| 082 | |b M726 | ||
| 100 | |a J W Mollett | ||
| 245 | 0 | |a Dictionary of art and archaeology | |
| 245 | 0 | |c J W Mollett | |
| 260 | |a London | ||
| 260 | |b Blacken Books | ||
| 260 | |c 1994 | ||
| 520 | |a There is a magnificently illustrated dictionary of art and archaeology, including entries on architecture, textiles, metalwork and sculpture | ||
| 650 | |a art - dictionary | ||
| 904 | |i Minh, 990824 | ||
| 980 | |a Trung tâm Học liệu Trường Đại học Cần Thơ | ||